Statistics for Disney Channel Characters

Click here to take the quiz!

General Stats

  • This quiz has been taken 35 times
  • The average score is 10 of 34

Answer Stats

Answer% Correct
Emma Ross
65%
Luke Ross
65%
Ravi Ross
65%
Zuri Ross
65%
Alex Russo
55%
Jessie Prescott
55%
Justin Russo
48%
Max Russo
48%
Miley Stewart
45%
Raven Baxter
32%
Riley Matthews
32%
Cody Martin
29%
Harper Finkle
29%
Zack Martin
29%
London Tipton
26%
Maya Hart
26%
Chyna Parks
23%
Cory Matthews
23%
Farkle Minkus
23%
Joey Rooney
23%
Liv Rooney
23%
Lucas Friar
23%
Maddie Rooney
23%
Cory Baxter
19%
Topanga Matthews
19%
Auggie Matthews
16%
Jackson Stewart
16%
Maddie Fitzpatrick
16%
Fletcher Quimby
13%
Lilly Truscott
13%
Sonny Munroe
13%
Lexi Reed
10%
Oliver Oken
10%
Robbie Ray Stewart
10%

Score Distribution

Percentile by Number Answered

Percent of People with Each Score

Your Score History

You have not taken this quiz